Music Quiz

Random Music or Taylor Swift Quiz
Score 0/16 Timer 03:00
10 Plays Today
Opposite Song % Correct
YoursMine
93.7%
Front To JanuaryBack To December
92.8%
First HugLast Kiss
92.7%
GreenRed
88.1%
Short DieLong Live
86.6%
NiceMean
83.2%
GuiltyInnocent
79.2%
Shut-Up LaterSpeak Now
76.5%
Opposite Song % Correct
Always Shrink DownNever Grow Up
76.4%
Worse Than ForgivenessBetter Than Revenge
66.7%
Yesterday Was a NightmareToday Was a Fairytale
63.8%
Unbeloved JaneDear John
58.6%
Lex LuthorSuperman
52.3%
AfraidFearless
42.6%
You Misunderstood I Was EaseI Knew You Were Trouble
41.6%
Tarter Than RealitySweeter Than Fiction
38.5%
Remove Ads.
Support Sporcle.
Get the best of Sporcle when you Go Orange. This ad-free experience offers more features, more stats, and more fun while also helping to support Sporcle. Thank you for becoming a member.

You're not logged in!

Compare scores with friends on all Sporcle quizzes.
OR
Log In

Show Comments

Extras

Top Quizzes Today


Score Distribution

Your Account Isn't Verified!

In order to create a playlist on Sporcle, you need to verify the email address you used during registration. Go to your Sporcle Settings to finish the process.

Report this User

Report this user for behavior that violates our Community Guidelines.

Details: